[Event "IECG CP.1998.P.00029"]
[Site "IECG email"]
[Date "1998.??.??"]
[Round "?"]
[White "Mrowka, Stan"]
[Black "Bliek, Wouter"]
[Result "0-1"]
[WhiteElo "800"]
[BlackElo "1908"]
[PlyCount "76"]
[EventDate "1998.10.01"]
[EventType "tourn (corr)"]
[EventRounds "6"]
[EventCountry "FRA"]
[SourceTitle "Corr 2008"]
[Source "ChessBase"]
[SourceDate "2008.06.24"]
[SourceVersion "1"]
[SourceVersionDate "2008.06.24"]
[SourceQuality "1"]

1. e4 c5 2. Nf3 e6 3. d4 cxd4 4. Nxd4 Nc6 5. Nc3 a6 6. Be2 Nge7 7. 0-0 Nxd4 8. Qxd4 Nc6 9. Qd2 b5 10. Rd1 Be7 11. b3 0-0 12. a4 b4 13. Na2 Qb6 14. Qf4 Qc5 15. Bh5 Qxh5 16. Re1 Bf6 17. Rb1 Be5 18. Qe3 Qxh2+ 19. Kf1 a5 20. Qh3 Ba6+ 21. Re2 Qxh3 22. gxh3 Nd4 23. c4 bxc3 24. Nxc3 Nxe2 25. Nxe2 Bd3 26. Bg5 Bxb1 27. Be7 Rfe8 28. Bg5 Bxe4 29. Nc1 Rec8 30. Ne2 Rab8 31. f4 Bd6 32. Nd4 Bc5 33. Nb5 Bd3+ 34. Kg2 Bxb5 35. axb5 Rxb5 36. Bh4 Rxb3 37. f5 Bd4 38. fxe6 Rc2+ 0-1